Sports Quiz

Random Sports or MLB Quiz

Pitchers With a Hit in a No-Hitter Quiz Stats

 Plays Quiz Updated Oct 3, 2015

Also try: MLB No-Hitters
Challenge
Share
Tweet
Embed
Score 0/63 Timer 10:00
0 Plays Today
Date Pitcher % Correct
September 26, 1981Nolan Ryan
70.5%
October 6, 2010Roy Halladay
64.7%
June 4, 1964Sandy Koufax
46.3%
April 21, 2016Jake Arrieta
34.4%
August 30, 2015Jake Arrieta
32.8%
June 20, 2015Max Scherzer
31.6%
June 25, 2014Tim Lincecum
31.5%
October 3, 2015Max Scherzer
31.3%
August 14, 1971Bob Gibson
30.6%
July 28, 1991Dennis Martinez
28.9%
June 13, 2012Matt Cain
26.8%
April 17, 2010Ubaldo Jimenez
22.5%
July 25, 2015Cole Hamels
21%
September 1, 2014Cole Hamels
20.3%
May 12, 1955Sam Jones
17.3%
September 16, 1960Warren Spahn
16.6%
July 2, 2013Homer Bailey
15.9%
June 29, 1990Fernando Valenzuela
14.8%
June 11, 1938Johnny Vander Meer
14.1%
June 15, 1938Johnny Vander Meer
14.1%
September 17, 1996Hideo Nomo
13.5%
August 13, 1969Jim Palmer
13.3%
May 8, 1968Catfish Hunter
12.8%
July 20, 1958Jim Bunning
12.8%
June 21, 1964Jim Bunning
12.8%
Sept. 14, 2008Carlos Zambrano
12.7%
September 21, 1934Paul Dean
12%
September 25, 1986Mike Scott
11%
September 28, 2014Jordan Zimmerman
10.3%
June 26, 1962Earl Wilson
9.4%
June 12, 1954 Jim Wilson
9.4%
June 9, 2015Chris Heston
9.2%
Date Pitcher % Correct
May 12, 2001A.J. Burnett
7.9%
June 23, 1971Rick Wise
7.6%
July 10, 1947Don Black
5.7%
May 15, 1952Virgil Trucks
4.3%
August 19, 1965Jim Maloney
4.2%
April 30, 1969Jim Maloney
4.2%
August 15, 1990Terry Mulholland
4.1%
August 18, 1960Lew Burdette
3.2%
August 17, 1992Kevin Gross
2.5%
August 21, 1926Ted Lyons
2.4%
July 12, 1997Francisco Cordova
2.4%
May 12, 1956Carl Erskine
2.2%
April 29, 1931Wes Ferrell
2.2%
August 1, 1962Bill Monbouquette
2.2%
September 10, 1967Joe Horlen
2.1%
April 23, 1946 Ed Head
2%
August 31, 1935Vern Kennedy
2%
May 6, 1953Bobo Holloman
1.9%
June 18, 1947Ewell Blackwell
1.8%
July 17, 1924Jesse Haines
1.8%
September 7, 1923 Howard Ehmke
1.7%
August 26, 1962Jack Kralick
1.7%
April 27, 1968Tom Phoebus
1.7%
April 27, 1944 Jim Tobin
1.5%
August 20, 1957Bob Keegan
1.4%
May 6, 1951Lefty Chambers
1.4%
August 30, 1941Lou Warneke
1.3%
September 9, 1945Dick Fowler
1.3%
May 15, 1944Clyde Shoun
1.3%
August 11, 1950Vern Bickford
1.2%
September 3, 1947Bill McCahan
1.2%

You're not logged in!

Compare scores with friends on all Sporcle quizzes.
OR
Log In

You Might Also Like...

Show Comments

Extras

Top Quizzes Today


Score Distribution

Your Account Isn't Verified!

In order to create a playlist on Sporcle, you need to verify the email address you used during registration. Go to your Sporcle Settings to finish the process.

Report this User

Report this user for behavior that violates our Community Guidelines.

Details: